Výchova lesníckych a drevárskych odborných kádrov v zemiach RVHP odborná výberová anotovaná bibliografia

Gespeichert in:
Bibliographische Detailangaben
Format: Buch
Sprache:Slowakisch
Veröffentlicht: Zvolen Štátna vedecká knižnica 1976
Tags: Tag hinzufügen
Keine Tags, Fügen Sie das erste Tag hinzu!

MARC

LEADER 00000nam a2200000 4500
001 0222955
005 20240822101702.7
041 0 |a slo 
044 |a SK 
245 1 0 |a Výchova lesníckych a drevárskych odborných kádrov v zemiach RVHP  |b odborná výberová anotovaná bibliografia  |c red.: I. Grossová 
264 1 |a Zvolen  |b Štátna vedecká knižnica  |c 1976 
300 |a 63 s.